00381cam a22001337a 4500008004000000082001300040100001900053245005100072260003200123300001000155650002500165650002500190650003200215180718b1908 xxu||||| |||| 00| 0 eng d aA98 G168 aGardiner, A.G. aProphets, priests, and kingscby A.G. Gardiner aLondonbAlston Riversc1908 a332p. aProphets - Biography aPariests - Biography aKings and Rules - Biography